[Event "4th Batumi Cup 2018"]
[Site "Batumi"]
[Date "2018.07.07"]
[Round "6"]
[White "Mgeladze, Tamaz"]
[Black "Rahul Srivatshav P"]
[Result "1-0"]
[WhiteElo "2374"]
[BlackElo "2397"]
[Annotator "NA"]
[PlyCount "141"]
[EventDate "2018.07.03"]
[EventType "swiss"]
[EventCountry "GEO"]
[SourceTitle "playchess.com"]
[Source "ChessBase"]
[SourceQuality "1"]
[TimeControl "40/5400+30:1800+30"]

1. c4 {[%emt 0:00:00]} Nf6 {[%emt 0:00:00]} 2. g3 {[%emt 0:00:00]} g6 {[%emt 0:00:09]} 3. Bg2 {[%emt 0:00:04]} Bg7 {[%emt 0:00:19]} 4. Nf3 {[%emt 0:00:04]} O-O {[%emt 0:00:23]} 5. O-O {[%emt 0:00:04]} d6 {[%emt 0:00:25]} 6. Nc3 {[%emt 0:00:05]} Nc6 {[%emt 0:00:24]} 7. d3 {[%emt 0:00:15]} e5 {[%emt 0:00:37]} 8. Rb1 {[%emt 0:00:03]} a5 {[%emt 0:00:35]} 9. a3 {[%emt 0:00:03]} h6 {[%emt 0:00:41]} 10. b4 {[%emt 0:00:04]} axb4 {[%emt 0:00:30]} 11. axb4 {[%emt 0:00:05]} Be6 {[%emt 0:00:27]} 12. b5 {[%emt 0:00:03]} Ne7 {[%emt 0:00:21]} 13. Bb2 {[%emt 0:01:31]} Qd7 {[%emt 0:00:35]} 14. Re1 {[%emt 0:00:06]} Bh3 {[%emt 0:00:33]} 15. Bh1 {[%emt 0:00:05]} Ng4 {[%emt 0:00:47]} 16. Ra1 {[%emt 0:01:14] A26: English Opening vs King's Indian with ...Nc6 and d3} (16. Qb3 f5 17. Ra1 Rab8 18. c5+ d5 19. e4 c6 20. exd5 cxd5 21. Nxe5 Nxe5 22. Nxd5 Nxd5 23. Rxe5 Bxe5 24. Qxd5+ Qxd5 25. Bxd5+ Kh7 26. Bxe5 Ra8 27. Rxa8 Rxa8 28. Bxb7 Ra5 29. Bc6 f4 30. gxf4 Ra2 31. b6 {1-0 (31) Eljanov,P (2742)-Nakamura,H (2741) Moscow 2010}) 16... f5 {[%emt 0:02:00]} 17. Rxa8 {[%emt 0:01:36]} Rxa8 {[%emt 0:00:07]} 18. Qb3 {[%emt 0:00:09]} Kh7 {[%emt 0:04:15]} 19. Nd2 {[%emt 0:07:03]} Rb8 $146 {[%emt 0:03:20]} ({Predecessor:} 19... c6 20. Ra1 Rxa1+ 21. Bxa1 e4 22. dxe4 fxe4 23. Bxe4 d5 24. cxd5 cxd5 25. Nxd5 Bxa1 {1-0 (40) Gagare,S (2287)-Maximov,D (2480) Pardubice 2012}) 20. Ra1 {[%emt 0:00:23]} Qe6 {[%emt 0:05:56]} 21. Nd5 {[%emt 0:07:24]} Nxd5 {[%emt 0:07:16]} 22. cxd5 {[%emt 0:06:56]} Qf7 {[%emt 0:01:39]} 23. b6 {[%emt 0:07:59]} f4 {[%emt 0:03:14]} 24. Bf3 {[%emt 0:02:46]} Nf6 {[%emt 0:24:48]} 25. Nc4 {[%emt 0:12:35]} Nxd5 {[%emt 0:09:07] [#]} 26. Nxd6 $1 {[%emt 0:17:25]} cxd6 {[%emt 0:00:18]} 27. Bxd5 {[%emt 0:00:27]} Qd7 {[%emt 0:02:05]} 28. Qa4 {[%emt 0:04:54]} Qf5 {[%emt 0:12:59]} 29. Rc1 {[%emt 0:04:01]} Rf8 {[%emt 0:06:49]} 30. Bf3 {[%emt 0:04:43]} Bg4 $16 {[%emt 0:03:20]} 31. Bxg4 {[%emt 0:03:42]} Qxg4 {[%emt 0:01:21]} 32. Qe4 {[%emt 0:01:40]} d5 {[%emt 0:00:56]} 33. Qf3 {[%emt 0:00:01]} Qe6 {[%emt 0:00:47]} 34. Rc7 {[%emt 0:00:09]} Rf5 {[%emt 0:03:55]} 35. e4 {[%emt 0:06:34]} Qxb6 {[%emt 0:03:20]} 36. exf5 {[%emt 0:00:43]} Qxc7 {[%emt 0:00:02]} 37. fxg6+ {[%emt 0:00:02]} Kxg6 {[%emt 0:00:30]} 38. Qxd5 {[%emt 0:00:02]} fxg3 {[%emt 0:00:22]} 39. Qe4+ {[%emt 0:00:32]} Kf7 {[%emt 0:00:17]} 40. hxg3 {[%emt 0:00:00]} Kg8 {[%emt 0:00:00]} 41. Kg2 {[%emt 0:04:08]} Bf6 {[%emt 0:10:18]} 42. Qg6+ {[%emt 0:09:06]} Qg7 {[%emt 0:02:04]} 43. Qf5 {[%emt 0:00:18]} Qf7 {[%emt 0:02:50]} 44. Qg4+ {[%emt 0:01:27]} Bg7 {[%emt 0:00:58]} 45. Qe4 {[%emt 0:00:13]} Qc7 {[%emt 0:00:42]} 46. Kf3 {[%emt 0:02:22]} Qf7+ {[%emt 0:02:18]} 47. Ke3 {[%emt 0:00:14]} Qe7 {[%emt 0:00:40]} 48. Qd5+ {[%emt 0:01:45]} Kh7 {[%emt 0:00:44]} 49. Qe4+ {[%emt 0:02:06]} Kg8 {[%emt 0:00:01]} 50. Ke2 {[%emt 0:00:01]} Qc7 {[%emt 0:04:20]} 51. Qc4+ {[%emt 0:03:18]} Qxc4 {[%emt 0:00:24]} 52. dxc4 {[%emt 0:00:04]} Kf7 {[%emt 0:00:51]} 53. Ke3 {[%emt 0:03:33]} Ke6 {[%emt 0:04:07]} 54. Ke4 {[%emt 0:00:29]} Bf6 {[%emt 0:04:37]} 55. g4 {[%emt 0:00:27]} b6 {[%emt 0:01:23]} 56. Bc3 {[%emt 0:00:25]} Bh4 {[%emt 0:01:35]} 57. f3 {[%emt 0:00:06]} Bf6 {[%emt 0:02:46]} 58. Bb2 {[%emt 0:00:24]} Kd6 {[%emt 0:00:40]} 59. f4 {[%emt 0:00:12]} Kc5 {[%emt 0:00:03]} 60. Bxe5 {[%emt 0:01:00]} Be7 {[%emt 0:00:39]} 61. Bd4+ {[%emt 0:00:53]} Kxc4 {[%emt 0:00:02]} 62. Bxb6 {[%emt 0:00:04]} Kb5 {[%emt 0:01:24]} 63. Bd4 {[%emt 0:00:07]} Bf8 {[%emt 0:00:01]} 64. Kd5 {[%emt 0:00:09]} Kb4 {[%emt 0:00:25]} 65. f5 {[%emt 0:00:07]} Kb3 {[%emt 0:00:40]} 66. Bc5 {[%emt 0:00:48]} Bg7 {[%emt 0:00:18]} 67. Be7 {[%emt 0:00:55]} Kc2 {[%emt 0:00:21]} 68. f6 {[%emt 0:00:34]} Bh8 {[%emt 0:00:01]} 69. f7 {[%emt 0:00:10]} Bg7 {[%emt 0:00:04]} 70. f8=Q {[%emt 0:00:06]} Bxf8 {[%emt 0:00:05]} 71. Bxf8 {[%emt 0:00:02]} 1-0

[Event "4th Batumi Cup 2018"]
[Site "Batumi"]
[Date "2018.07.07"]
[Round "6"]
[White "Pogosyan, Stefan"]
[Black "Gvetadze, Sofio"]
[Result "1/2-1/2"]
[WhiteElo "2356"]
[BlackElo "2316"]
[Annotator "NA"]
[PlyCount "104"]
[EventDate "2018.07.03"]
[EventType "swiss"]
[EventCountry "GEO"]
[SourceTitle "playchess.com"]
[Source "ChessBase"]
[SourceQuality "1"]
[TimeControl "40/5400+30:1800+30"]

1. d4 {[%emt 0:00:00]} Nf6 {[%emt 0:00:00]} 2. c4 {[%emt 0:00:00]} g6 {[%emt 0:00:00]} 3. Nc3 {[%emt 0:00:04]} Bg7 {[%emt 0:00:00]} 4. g3 {[%emt 0:00:29]} O-O {[%emt 0:00:38]} 5. Bg2 {[%emt 0:00:05]} c5 {[%emt 0:00:00]} 6. Nf3 {[%emt 0:00:47]} cxd4 {[%emt 0:00:01]} 7. Nxd4 {[%emt 0:00:05]} Nc6 {[%emt 0:00:04]} 8. O-O {[%emt 0:00:15]} Qb6 {[%emt 0:03:13]} 9. e3 {[%emt 0:01:03]} d6 {[%emt 0:00:27]} 10. b3 {[%emt 0:00:41]} Bd7 {[%emt 0:01:03] A39: Symmetrical English vs ...g6: 4 Bg2 Bg7 5 Nf3 Nf6 6 0-0 0-0 7 d4} 11. Bb2 {[%emt 0:00:33]} Rfc8 {[%emt 0:01:01]} 12. Qd2 {[%emt 0:01:22]} a6 {[%emt 0:00:43]} 13. Rad1 {[%emt 0:02:27]} Rab8 {[%emt 0:01:51]} 14. Nxc6 {[%emt 0:11:11]} Bxc6 $146 {[%emt 0:05:03]} ({Predecessor:} 14... bxc6 15. Na4 Qc7 16. c5 d5 17. Nb6 Rd8 18. f4 {½-½ (50) Mercadal Benejam,J (2563)-Alexandre Bisquert,F (2457) AEAC email 2003}) 15. e4 {[%emt 0:00:08]} Qa5 {[%emt 0:00:38]} 16. a3 {[%emt 0:04:16]} b5 {[%emt 0:01:37]} 17. b4 {[%emt 0:01:19]} Qc7 {[%emt 0:03:47]} 18. cxb5 {[%emt 0:02:23]} axb5 {[%emt 0:00:05]} 19. Rc1 {[%emt 0:01:38]} Qa7 {[%emt 0:02:01]} 20. Rc2 {[%emt 0:11:10]} Nd7 {[%emt 0:15:07]} 21. Rfc1 {[%emt 0:07:24]} Ne5 {[%emt 0:07:38]} 22. Nxb5 {[%emt 0:09:29]} Rxb5 {[%emt 0:00:07]} 23. Bxe5 {[%emt 0:00:32]} Bxe5 {[%emt 0:00:05]} 24. Bh3 {[%emt 0:08:47]} Rd8 {[%emt 0:05:08]} 25. Rxc6 {[%emt 0:00:22]} Qxa3 {[%emt 0:00:07]} 26. Rb1 {[%emt 0:02:36]} Rdb8 {[%emt 0:02:31]} 27. f4 {[%emt 0:07:39]} Qa7+ {[%emt 0:05:30]} 28. Kh1 {[%emt 0:00:15]} Qd4 {[%emt 0:03:47]} 29. Qc2 {[%emt 0:10:04]} Rxb4 {[%emt 0:08:40]} (29... Bf6 $5 {[%cal Rb5b4]} 30. Rc4 Qe3 $15) 30. Rc8+ $1 {[%emt 0:02:57]} Rxc8 {[%emt 0:00:39]} 31. Qxc8+ {[%emt 0:00:02]} Kg7 {[%emt 0:00:06]} 32. Rxb4 {[%emt 0:00:10]} Qxb4 {[%emt 0:00:05]} 33. fxe5 {[%emt 0:00:16]} Qe1+ {[%emt 0:00:03]} 34. Kg2 {[%emt 0:00:18]} Qxe4+ {[%emt 0:00:05]} 35. Kg1 {[%emt 0:00:44]} Qxe5 $11 {[%emt 0:00:32]} 36. Qc2 {[%emt 0:01:15]} Qe3+ {[%emt 0:06:20]} 37. Qf2 {[%emt 0:01:42]} Qxf2+ {[%emt 0:01:30]} 38. Kxf2 {[%emt 0:00:01]} Kf6 {[%emt 0:00:09]} 39. Ke3 {[%emt 0:00:26]} Ke5 {[%emt 0:00:07]} 40. Bd7 {[%emt 0:00:00]} f5 {[%emt 0:00:00]} 41. h4 {[%emt 0:05:42]} h6 {[%emt 0:11:16]} 42. Be8 {[%emt 0:04:21]} g5 {[%emt 0:02:11]} 43. hxg5 {[%emt 0:00:10]} hxg5 {[%emt 0:00:05]} 44. Bd7 {[%emt 0:01:40]} g4 {[%emt 0:22:19]} 45. Bc8 {[%emt 0:04:54]} Kf6 {[%emt 0:14:38]} 46. Kd4 {[%emt 0:01:56]} Kg5 {[%emt 0:01:09]} 47. Kd5 {[%emt 0:01:58]} f4 {[%emt 0:00:13]} 48. gxf4+ {[%emt 0:00:07]} Kxf4 {[%emt 0:00:03]} 49. Ke6 {[%emt 0:00:12]} d5 {[%emt 0:00:28]} 50. Kxd5 {[%emt 0:00:13]} g3 {[%emt 0:00:21]} 51. Bh3 {[%emt 0:00:06]} e5 {[%emt 0:00:15]} 52. Bg2 {[%emt 0:00:06]} Kf5 {[%emt 0:00:07]} 1/2-1/2

[Event "4th Batumi Cup 2018"]
[Site "Batumi"]
[Date "2018.07.07"]
[Round "6"]
[White "Lomsadze, Davit"]
[Black "Suleymanli Aydin"]
[Result "1/2-1/2"]
[WhiteElo "2348"]
[BlackElo "2289"]
[Annotator "NA"]
[PlyCount "114"]
[EventDate "2018.07.03"]
[EventType "swiss"]
[EventCountry "GEO"]
[SourceTitle "playchess.com"]
[Source "ChessBase"]
[SourceQuality "1"]
[TimeControl "40/5400+30:1800+30"]

1. d4 {[%emt 0:00:00]} d5 {[%emt 0:00:00]} 2. Nf3 {[%emt 0:00:00]} Nf6 {[%emt 0:00:00]} 3. g3 {[%emt 0:00:00]} c6 {[%emt 0:02:07]} 4. Bg2 {[%emt 0:00:00]} Bf5 {[%emt 0:00:02]} 5. O-O {[%emt 0:00:00]} e6 {[%emt 0:00:01]} 6. Nbd2 {[%emt 0:00:09]} h6 {[%emt 0:00:24]} 7. c4 {[%emt 0:02:09]} Nbd7 {[%emt 0:00:35]} 8. b3 {[%emt 0:01:03]} Bd6 {[%emt 0:00:27]} 9. Bb2 {[%emt 0:00:13]} Qe7 {[%emt 0:07:54] D11: Slav Defence: 3 Nf3 sidelines and 3...Nf6 4 e3 Bg4} (9... Qb8 10. Qc1 O-O 11. Ba3 b5 12. Bxd6 Qxd6 13. Qc3 bxc4 14. bxc4 Ne4 15. Nxe4 Bxe4 16. Rfc1 dxc4 17. Qxc4 {½-½ (37) Mareco,S (2645)-Vishnu,P (2510) Sharjah 2018}) 10. a3 {[%emt 0:03:23]} O-O {[%emt 0:03:23]} 11. Re1 {[%emt 0:02:32]} Bh7 {[%emt 0:16:02]} 12. Ne5 $146 {[%emt 0:03:35]} ({Predecessor:} 12. b4 Bc7 13. c5 e5 14. dxe5 Nxe5 15. Nxe5 Bxe5 16. Bxe5 Qxe5 17. Nf3 Qe7 {½-½ (71) O'Brien,M-Cummins,H Dublin 1992}) 12... Rad8 {[%emt 0:08:47]} 13. Nxd7 {[%emt 0:07:16]} Rxd7 {[%emt 0:00:55]} 14. b4 {[%emt 0:00:44]} Ne4 {[%emt 0:12:45]} 15. Nxe4 {[%emt 0:03:40]} dxe4 {[%emt 0:01:17]} 16. Qb3 {[%emt 0:00:59]} Rfd8 {[%emt 0:10:08]} 17. Rad1 {[%emt 0:02:55]} h5 {[%emt 0:04:06]} 18. Rd2 {[%emt 0:08:15]} f5 {[%emt 0:02:32]} 19. e3 {[%emt 0:01:17]} h4 {[%emt 0:01:11]} 20. b5 {[%emt 0:03:30]} hxg3 {[%emt 0:03:10]} 21. hxg3 {[%emt 0:00:08]} cxb5 {[%emt 0:00:44]} 22. c5 {[%emt 0:03:22]} Bxc5 {[%emt 0:03:06]} 23. Rc2 {[%emt 0:01:45]} Bb6 {[%emt 0:01:05]} 24. Qxb5 {[%emt 0:00:15]} Bg6 {[%emt 0:00:09]} 25. Rec1 {[%emt 0:00:36]} Be8 {[%emt 0:00:24]} 26. Qb3 {[%emt 0:00:37]} Bf7 {[%emt 0:00:27]} 27. Qb5 {[%emt 0:01:37]} Rd5 {[%emt 0:00:31]} 28. Qe2 {[%emt 0:01:19]} Qe8 {[%emt 0:01:34]} 29. g4 {[%emt 0:01:15]} Bg6 {[%emt 0:01:49]} 30. gxf5 {[%emt 0:02:35]} Bxf5 {[%emt 0:01:02]} 31. Rd2 {[%emt 0:01:30]} Qg6 {[%emt 0:05:48]} 32. f4 {[%emt 0:01:58]} exf3 {[%emt 0:02:42]} 33. Qxf3 {[%emt 0:00:03] [#]} Re5 $1 {[%emt 0:02:52]} 34. a4 {[%emt 0:06:16]} Be4 {[%emt 0:01:22]} 35. Qf4 {[%emt 0:02:26]} Rg5 {[%emt 0:00:07]} 36. Qh2 {[%emt 0:00:27]} Rh5 {[%emt 0:02:47]} 37. Qf4 {[%emt 0:00:50]} Rf8 {[%emt 0:00:56]} 38. Qxe4 {[%emt 0:00:14]} Qg3 {[%emt 0:00:07]} 39. Qf4 {[%emt 0:02:34]} Rxf4 {[%emt 0:00:09]} 40. exf4 {[%emt 0:00:00]} Qh2+ {[%emt 0:00:00]} 41. Kf1 {[%emt 0:00:19]} Rf5 {[%emt 0:01:20]} 42. Rf2 {[%emt 0:00:59]} Rxf4 {[%emt 0:00:22]} 43. Rc8+ $19 {[%emt 0:00:29]} Kf7 {[%emt 0:05:12]} 44. Bf3 {[%emt 0:01:54]} Qh3+ {[%emt 0:00:01]} 45. Ke2 {[%emt 0:00:26]} g5 {[%emt 0:01:57]} 46. a5 {[%emt 0:02:07]} Bxa5 {[%emt 0:05:36]} 47. Ba3 {[%emt 0:01:12]} Qh7 {[%emt 0:09:30]} 48. Bd6 {[%emt 0:02:16]} Rf5 {[%emt 0:09:01]} 49. Rh2 {[%emt 0:00:25]} Qg7 {[%emt 0:01:22]} 50. Bh5+ {[%emt 0:01:48]} Kf6 {[%emt 0:00:04]} 51. Rf8+ {[%emt 0:00:12]} Qxf8 {[%emt 0:00:03]} 52. Bxf8 {[%emt 0:00:08]} Bc7 {[%emt 0:00:12]} 53. Rh1 {[%emt 0:02:30]} Bb6 {[%emt 0:00:58]} 54. Kd3 {[%emt 0:03:10]} Rf4 {[%emt 0:01:28]} 55. Bc5 {[%emt 0:02:19]} Bxc5 {[%emt 0:01:03]} 56. dxc5 {[%emt 0:00:03]} Ke5 {[%emt 0:00:06]} 57. Rg1 {[%emt 0:01:29]} Kd5 {[%emt 0:00:41]} 1/2-1/2

[Event "4th Batumi Cup 2018"]
[Site "Batumi"]
[Date "2018.07.07"]
[Round "6"]
[White "Chkhaidze, Nikoloz"]
[Black "Al Hosani, Omran"]
[Result "1-0"]
[WhiteElo "2337"]
[BlackElo "2089"]
[Annotator "NA"]
[PlyCount "48"]
[EventDate "2018.07.03"]
[EventType "swiss"]
[EventCountry "GEO"]
[SourceTitle "playchess.com"]
[Source "ChessBase"]
[SourceQuality "1"]
[TimeControl "40/5400+30:1800+30"]

1. d4 {[%emt 0:00:00]} Nf6 {[%emt 0:00:01]} 2. c4 {[%emt 0:00:00]} e6 {[%emt 0:02:28]} 3. Nc3 {[%emt 0:00:00]} Bb4 {[%emt 0:01:12]} 4. Bg5 {[%emt 0:01:17]} b6 {[%emt 0:04:29]} 5. f3 {[%emt 0:04:22] E30: Nimzo-Indian: Leningrad Variation} O-O {[%emt 0:06:56]} (5... c5 6. d5 h6 7. Bh4 Ba6 8. e4 exd5 9. cxd5 Bxf1 10. Kxf1 Bxc3 11. bxc3 d6 12. Qa4+ Qd7 {1-0 (31) Bologan,V (2693)-Fier,A (2571) Caleta 2011}) 6. e4 {[%emt 0:00:56]} d6 {[%emt 0:00:49]} 7. Bd3 {[%emt 0:02:15]} Bxc3+ {[%emt 0:00:27]} 8. bxc3 {[%emt 0:00:04]} Nbd7 {[%emt 1:17:38]} 9. f4 {[%emt 0:02:41]} e5 $146 {[%emt 0:00:00]} ({Predecessor:} 9... h6 10. Bh4 e5 11. Nh3 exf4 12. O-O Bb7 {0-1 (34) Issel,O (2236)-Kuehn,K (1906) Saarlouis 2001}) 10. Nf3 {[%emt 0:07:01]} exf4 {[%emt 0:00:00]} 11. O-O {[%emt 0:02:09]} Bb7 {[%emt 0:00:00]} 12. Qc2 {[%emt 0:08:16]} h6 {[%emt 0:00:00]} 13. Bxf4 {[%emt 0:00:12]} Qe7 {[%emt 0:00:00]} 14. Rae1 {[%emt 0:00:47]} Nh5 {[%emt 0:00:00]} 15. Bc1 {[%emt 0:01:46]} Rfe8 {[%emt 0:00:00]} 16. Qf2 {[%emt 0:06:05]} Ndf6 {[%emt 0:00:00]} 17. Qh4 {[%emt 0:04:00]} g6 {[%emt 0:00:00]} 18. Bxh6 {[%emt 0:05:07]} Nxe4 {[%emt 0:00:00]} 19. Ng5 {[%emt 0:04:39]} f5 {[%emt 0:00:00]} 20. d5 {[%emt 0:03:45]} Nhf6 {[%emt 0:00:00]} 21. Bxe4 {[%emt 0:05:13]} Nxe4 {[%emt 0:00:00]} 22. Rxe4 {[%emt 0:00:51]} fxe4 {[%emt 0:00:00]} 23. Rf7 $18 {[%emt 0:00:33]} Qxf7 {[%emt 0:00:00]} 24. Nxf7 {[%emt 0:00:06]} e3 {[%emt 0:00:00]} 1-0

[Event "4th Batumi Cup 2018"]
[Site "Batumi"]
[Date "2018.07.07"]
[Round "6"]
[White "Sanchez, Louis"]
[Black "Oboladze, Luka"]
[Result "1-0"]
[WhiteElo "2290"]
[BlackElo "2378"]
[Annotator "NA"]
[PlyCount "105"]
[EventDate "2018.07.03"]
[EventType "swiss"]
[EventCountry "GEO"]
[SourceTitle "playchess.com"]
[Source "ChessBase"]
[SourceQuality "1"]
[TimeControl "40/5400+30:1800+30"]

1. Nf3 {[%emt 0:00:00]} Nf6 {[%emt 0:00:00]} 2. g3 {[%emt 0:00:31]} g6 {[%emt 0:00:00]} 3. Bg2 {[%emt 0:02:05]} c5 {[%emt 0:00:01]} 4. c4 {[%emt 0:02:51]} Bg7 {[%emt 0:00:12]} 5. O-O {[%emt 0:05:02]} O-O {[%emt 0:00:08]} 6. d4 {[%emt 0:01:14]} cxd4 {[%emt 0:00:42]} 7. Nxd4 {[%emt 0:00:21]} Nc6 {[%emt 0:00:07]} 8. Nc3 {[%emt 0:01:10]} Nxd4 {[%emt 0:01:34]} 9. Qxd4 {[%emt 0:00:09]} d6 {[%emt 0:00:05]} 10. b3 {[%emt 0:14:36]} Nd7 {[%emt 0:16:43]} 11. Qd2 {[%emt 0:02:09]} Nc5 {[%emt 0:02:00]} 12. Bb2 {[%emt 0:00:36]} a5 {[%emt 0:01:18]} 13. Nd5 {[%emt 0:03:13] A39: Symmetrical English vs ...g6: 4 Bg2 Bg7 5 Nf3 Nf6 6 0-0 0-0 7 d4} Bxb2 {[%emt 0:00:36]} 14. Qxb2 {[%emt 0:00:05]} Be6 {[%emt 0:00:56]} 15. Rfd1 {[%emt 0:05:29]} Bxd5 {[%emt 0:01:56]} 16. Rxd5 {[%emt 0:00:54]} Qb6 {[%emt 0:01:19]} 17. Rb1 {[%emt 0:00:39]} Rfc8 $146 {[%emt 0:05:14]} ({Predecessor:} 17... Rab8 18. h4 Qc7 19. a4 Rbd8 20. h5 {1-0 (48) Nikologorskiy,K (2308)-Apresyan,Z (2185) Kocaeli 2011}) 18. h4 {[%emt 0:01:08]} Qc7 {[%emt 0:06:08]} 19. h5 {[%emt 0:06:01]} Nd7 {[%emt 0:01:48]} 20. Rbd1 {[%emt 0:07:10]} Rd8 {[%emt 0:07:45]} 21. Rb5 {[%emt 0:18:33]} Rab8 {[%emt 0:02:42]} 22. hxg6 {[%emt 0:01:07]} hxg6 {[%emt 0:00:09]} 23. Qd2 {[%emt 0:00:21]} b6 {[%emt 0:03:47]} 24. Qh6 {[%emt 0:00:42]} e5 {[%emt 0:01:12]} 25. Bd5 {[%emt 0:01:30]} Nf8 {[%emt 0:00:08]} 26. g4 {[%emt 0:04:18]} Qd7 {[%emt 0:02:12]} 27. f3 {[%emt 0:01:46]} Qe7 {[%emt 0:02:06]} 28. g5 {[%emt 0:00:10]} Nh7 {[%emt 0:12:42]} 29. Qxg6+ {[%emt 0:03:53]} Kh8 {[%emt 0:00:04]} 30. Bxf7 {[%emt 0:01:14]} Qxg5+ {[%emt 0:02:09]} 31. Qxg5 {[%emt 0:02:08]} Nxg5 {[%emt 0:00:01]} 32. Bd5 $16 {[%emt 0:00:57]} Kg7 {[%emt 0:00:22]} 33. Kg2 {[%emt 0:01:13]} Kf6 {[%emt 0:01:05]} 34. Rh1 {[%emt 0:00:36]} Kg7 {[%emt 0:01:06]} 35. e3 {[%emt 0:02:52]} Rf8 {[%emt 0:01:31]} 36. Rh4 {[%emt 0:02:06]} Nh7 {[%emt 0:02:34]} 37. Rg4+ {[%emt 0:01:10]} Kh6 {[%emt 0:00:09]} 38. Rh4+ {[%emt 0:00:42]} Kg7 {[%emt 0:00:06]} 39. f4 {[%emt 0:04:03]} Rfe8 {[%emt 0:01:50]} 40. Rg4+ {[%emt 0:00:00]} Kf6 {[%emt 0:00:00]} 41. Kf3 {[%emt 0:11:35]} Nf8 {[%emt 0:03:17]} 42. Rg8 {[%emt 0:02:11]} Re7 {[%emt 0:01:03]} 43. Be4 {[%emt 0:01:01]} Ree8 {[%emt 0:01:20]} 44. Rd5 {[%emt 0:06:24]} Rbd8 {[%emt 0:02:11]} 45. Rb5 {[%emt 0:00:26]} Rb8 {[%emt 0:00:15]} 46. a3 {[%emt 0:00:22]} Re7 {[%emt 0:00:49]} 47. Rd5 {[%emt 0:01:26]} Rd8 {[%emt 0:00:08]} 48. Rd1 {[%emt 0:00:37]} Ree8 {[%emt 0:01:50]} 49. Rh1 {[%emt 0:01:47]} exf4 {[%emt 0:05:06]} 50. exf4 {[%emt 0:01:05]} Ne6 {[%emt 0:00:20]} 51. Rg6+ {[%emt 0:04:34]} Kf7 {[%emt 0:00:10]} 52. Rh7+ {[%emt 0:00:43]} Kf8 {[%emt 0:00:06]} 53. Bd5 {[%emt 0:00:43]} 1-0

[Event "4th Batumi Cup 2018"]
[Site "Batumi"]
[Date "2018.07.07"]
[Round "6"]
[White "Akhvlediani, Irakli"]
[Black "Nigmatov, Ortik"]
[Result "0-1"]
[WhiteElo "2264"]
[BlackElo "2461"]
[Annotator "TA"]
[PlyCount "78"]
[EventDate "2018.07.03"]
[EventType "swiss"]
[EventCountry "GEO"]
[SourceTitle "playchess.com"]
[Source "ChessBase"]
[SourceQuality "1"]

{[%evp 12,78,37,32,36,27,41,18,53,52,60,63,88,56,52,38,66,65,105,98,97,109,99,90,109,114,166,173,174,173,201,193,194,154,173,160,152,87,79,80,82,40,37,28,44,18,45,43,20,12,21,7,20,0,0,-45,-26,-139,-147,-172,-179,-322,-249,-244,-124,-823,-817,-29994,-29995]} 1. d4 Nf6 2. c4 b6 3. Nf3 Bb7 4. Nc3 g6 5. d5 Bg7 6. e4 {A50: Queen's Fianchetto Defence (1 d4 Nf6 2 c4 b6)} O-O 7. Be2 {LiveBook: 4 Games} e6 8. O-O {White is slightly better.} exd5 $146 ({Predecessor:} 8... d6 9. Nd4 Re8 10. f3 c6 11. dxc6 Nxc6 12. Ndb5 d5 13. cxd5 exd5 14. exd5 Nxd5 15. Nxd5 {1-0 (51) Wang,H (2710)-Mamedyarov,S (2765) Beijing 2014}) 9. exd5 d6 10. Bg5 h6 11. Be3 Ng4 12. Bd4 Ne5 13. Qd2 Nbd7 14. Ne1 {f4 is the strong threat.} g5 15. Nc2 f5 16. f4 gxf4 17. Rxf4 {[%cal Bf1f4,Bf4d4,Bd4d3,Bd3h3][%mdl 32]} Ng6 18. Bxg7 Qg5 (18... Kxg7 $16 19. Rf2 Nde5) 19. Bxh6 $1 $18 Qxh6 20. Rd4 f4 21. Nb5 Rac8 22. Rd3 {Hoping for Rh3.} Nde5 23. Rh3 (23. Nxa7 $6 Nxd3 24. Bxd3 (24. Nxc8 Nxb2 25. Nd4 Nxc4 $14) 24... Rce8 $11) 23... Qg7 24. Nbd4 ({Don't play} 24. Nxa7 $6 Ra8 $14) (24. Kh1 $142) 24... Rce8 $16 25. Kh1 ({Don't go for} 25. Ne6 $2 Rxe6 26. Nd4 (26. dxe6 $2 {is the wrong capture.} Bxg2 27. Rh5 Be4 $19) 26... Re7 $19) 25... Bc8 26. Ra3 a5 27. Rg1 Rf7 {[%cal Bf8f7,Bf7h7,Bh7h3][%mdl 32]} 28. Ne6 Bxe6 29. dxe6 Rxe6 30. Nd4 Ree7 31. Rh3 Qf6 $1 32. Rc1 Rh7 33. Rcc3 Nh4 {And now ...Nxg2! would win.} 34. Nf3 (34. Rc1 $1 $11) 34... Nhxf3 $40 {[%mdl 128] Black attacks with force.} 35. Bxf3 {[#]} Rxh3 $1 36. Bd5+ (36. gxh3 {was the only defense.} Kf8 37. Qc1) 36... Kg7 37. Rxh3 Ng4 (37... c6 $19 38. Be4 Nxc4) 38. Rf3 $2 {[%mdl 8192] [#]} (38. g3 $17 f3 39. Rh4) 38... Qh4 $1 $19 {[%csl Gg4][%cal Rh4h2]} 39. g3 {[#]} Re1+ $1 {[%mdl 512] Precision: White = 40%, Black = 62%.} 0-1